ბათუმის შოთა რუსთაველის სახელმწიფო უნივერსიტეტის ბიბლიოთეკა

Горная механика и машиностроение № 1. 2018 (ბიბ.ჩანაწერი № 55420)

000 -LEADER
fixed length control field 00654nam a2200205Ia 4500
001 - CONTROL NUMBER
control field 22502
003 - CONTROL NUMBER IDENTIFIER
control field GE_BSU
008 - FIXED-LENGTH DATA ELEMENTS--GENERAL INFORMATION
fixed length control field 181216s||||||||xx |||||||||||||| ||und||
040 ## - CATALOGING SOURCE
Transcribing agency GE_BSU
245 ## - TITLE STATEMENT
Title Горная механика и машиностроение № 1. 2018
245 ## - TITLE STATEMENT
Remainder of title Научно-технический журнал
245 ## - TITLE STATEMENT
Statement of responsibility, etc. Гл. ред. В.Я. Щерба
260 ## - PUBLICATION, DISTRIBUTION, ETC.
Place of publication, distribution, etc. Москва
260 ## - PUBLICATION, DISTRIBUTION, ETC.
Date of publication, distribution, etc. 2018
300 ## - PHYSICAL DESCRIPTION
Extent 96 стр. 29см. илл.
653 ## - INDEX TERM--UNCONTROLLED
Uncontrolled term Горная механика и машиностроение № 1. 2018
653 ## - INDEX TERM--UNCONTROLLED
Uncontrolled term Периодика
653 ## - INDEX TERM--UNCONTROLLED
Uncontrolled term პერიოდიკა
942 ## - ADDED ENTRY ELEMENTS (KOHA)
Koha item type პერიოდიკა
ეგზემპლარები
Withdrawn status Lost status Damaged status Not for loan Date acquired Barcode Date last seen Price effective from Koha item type Public note
        2018-12-17 p 79381 2018-12-17 2018-12-17 პერიოდიკა პერიოდიკა